Uskutočnilo sa valné zhromaždenie ZSD SR

Bibliographic Details
Main Author: Réh, Roman, 1959- (Author)
Format: Article
Language:Slovak
ISSN:1335-7018
Subjects:

MARC

LEADER 00000nab a2200000 a 4500
001 vtls000877724
003 SK-MaSNL
005 20260302160834.0
008 150202c2004 xo 0 slo
015 |a SNBRB2004/07-20107 
035 |a CLN000229276 
040 |a SNKBUCL  |b slo  |c SNKBUCL  |e AACR2 
041 0 |a slo 
044 |a xo  |c SK 
080 |a 674:061.25(437.6):061.3  |2 1997 
100 1 |a Réh, Roman,  |d 1959-  |4 aut  |9 210874 
245 1 0 |a Uskutočnilo sa valné zhromaždenie ZSD SR  |c Roman Réh 
610 7 |a Zväz spracovateľov dreva Slovenskej republiky  |b Valné zhromaždenie  |d 2004  |2 snkbucl  |9 857685 
655 7 |a články z novín a časopisov  |2 snkbucl  |9 267496 
773 0 |t Stolársky magazín  |g Roč. 5, č. 4 (2004), s. 53  |x 1335-7018 
850 |a Slovenská národná knižnica v Martine 
852 |a SNK  |b KIS3GCP 
958 |a SK 
999 |c 1375677  |d 1377607